Vista normal
Vista MARC
Entrada Nombre personal
Número de registros utilizados en: 1
001 - NÚMERO DE CONTROL
- Campo de control: 47541
003 - IDENTIFICADOR DE NÚMERO DE CONTROL
- Campo de control: OSt
005 - FECHA Y HORA DE LA ULTIMA MODIFICACION
- Campo de control: 20230630220149.0
008 - ELEMENTOS DE DATOS DE LONGITUD FIJA
- Campo de longitud fija: 230630|| aca||aabn | a|a d
040 ## - FUENTE DE LA CATALOGACIÓN
- Agencia original de catalogación: OSt
100 1# - ENCABEZAMIENTO--NOMBRE DE PERSONA
- Nombre personal: Hércules Vásquez, Brenda Carolina
670 ## - FUENTE DE DATOS ENCONTRADOS
- Fuente de citación: Pasantía, realizada en canal 19 y canal 21 de grupo Megavisión
670 ## - FUENTE DE DATOS ENCONTRADOS
- Fuente de citación: BMC.-30-06-2023